000 01209nam a2200313Ia 4500
001 ebr10740005
003 CaPaEBR
006 m o u
007 cr cn|||||||||
008 130423s2013 inu sb 000 0 eng d
010 _z 2013016445
020 _z9780253010162
020 _z9780253010209
040 _aCaPaEBR
_cCaPaEBR
035 _a(OCoLC)857059489
050 1 4 _aMT320
_b.G76 2013eb
082 0 4 _a787.5/193
_223
100 1 _aGrodner, Murray.
245 1 2 _aA double bassist's guide to refining performance practices
_h[electronic resource] /
_cMurray Grodner.
260 _aBloomington ;
_aIndianapolis :
_bIndiana University Press,
_c2013.
300 _avii, 156 p.
504 _aIncludes bibliographical references.
533 _aElectronic reproduction.
_bPalo Alto, Calif. :
_cebrary,
_d2013.
_nAvailable via World Wide Web.
_nAccess may be limited to ebrary affiliated libraries.
650 0 _aDouble bass
_xInstruction and study.
650 0 _aDouble bass
_xPerformance.
655 7 _aElectronic books.
_2local
710 2 _aebrary, Inc.
856 4 0 _uhttp://site.ebrary.com/lib/rucke/Doc?id=10740005
_zAn electronic book accessible through the World Wide Web; click to view
999 _c149491
_d149491